| 000 | 01033nam a22003377a 4500 | ||
|---|---|---|---|
| 001 | BR2016003992 | ||
| 003 | BR-BrBNA | ||
| 005 | 20230928104941.0 | ||
| 007 | ta | ||
| 008 | 230509b bl.||||| |||| 00| 0 por d | ||
| 040 |
_aBR-BrBNA _bpor _cBiblioteca Nacional de Agricultura |
||
| 041 | _a(Por) | ||
| 072 |
_aF02 _b1119 |
||
| 090 | _ 1119 BR2016003992 | ||
| 100 | 1 | _aNogueira, P.V. | |
| 110 | 1 |
_aUniversidade Federal de Lavras, MG (Brasil) _0Tese (Mestrado) |
|
| 245 | 1 | _aDeterminação de meio de cultura e aplicação de ácido bórico em botões florais na germinação de grãos de pólen de nespereiras | |
| 260 | 3 |
_aLavras, MG (Brasil): _c2015. |
|
| 300 | _a42 p. | ||
| 500 | _aSummaries (Eng, Por); Bibliography p. 38-42 | ||
| 650 | _aNESPERA | ||
| 650 | _aGRÃO | ||
| 650 | _aPÓLEN | ||
| 650 | _aMEIO DE CULTURA | ||
| 650 | _aÁCIDO BÓRICO | ||
| 650 | _aGERMINAÇÃO | ||
| 650 | _aMELHORAMENTO GENÉTICO VEGETAL | ||
| 650 | _aPULVERIZAÇÃO | ||
| 909 |
_a202309 _bLucia _c55 _dLucia Elande |
||
| 942 | _cBK | ||
| 999 |
_c82604 _d82604 |
||